My little pony postacie A-C - Statystyki

Ogólne statystyki
  • Ten quiz został rozwiązany 34 razy
    24 od ostatniego zresetowania
  • Średni wynik to 6 z 129
Statystyki odpowiedzi
Hint Odpowiedź % Poprawnych
C A Caramel Apple
100%
A Applejack
74%
Princess Celestia
63%
A B Apple Bloom
58%
Princess Cadence
58%
Queen Chrysalis
37%
B M Big Macintosh
26%
C A Candy Apples
26%
B S Babs Seed
16%
B B Bon Bon
16%
Mr. | Mrs. Cake
16%
A S Apple Strudel
11%
C M Candy Mane
11%
C A Crystal Arrow
11%
A C Apple Cinnamon
5%
Prince Blueblood
5%
C Caramel
5%
C Charm
5%
C P Coco Pommel
5%
A P Ace Point
0%
A S Action Shot
0%
A D Adagio Dazzle
0%
A Ahuizolt
0%
A Alaria
0%
A Aloe
0%
A Alphabittle
0%
A Alula
0%
A M Amethyst Maresbury
0%
A S Amethyst Star
0%
A Amira
0%
A Angel
0%
A W Angel Wings
0%
A B Apple Bottoms
0%
A B B Apple Brown Betty
0%
A B Apple Bumpkin
0%
A C Apple Cider
0%
A C Apple Cobbler
0%
A C Apple Crumble
0%
A D Apple Dumpling
0%
A F Apple Flora
0%
A F Apple Fritter
0%
A H Apple Honey
0%
A L Apple Leaves
0%
A M Apple Munchies
0%
A R Apple Rose
0%
A S Apple Split
0%
A S Apple Squash
0%
A S Apple Star
0%
A Aquamarine
0%
A B Aria Blaze
0%
A Aura
0%
A B Autumn Blaze
0%
A G Autumn Gem
0%
B F Banana Fluff
0%
B G Barber Groomsby
0%
B B Barley Barrel
0%
B B Beauty Brass
0%
B B Bee Bop
0%
B D Berry Dreams
0%
B F Berry Frost
0%
BP Berry Pinch
0%
B P Berry Punch
0%
B Berryshine
0%
B S Big Shot
0%
B N Bill Neigh
0%
B Bittersweet
0%
B R Blade Runner
0%
B Blaze
0%
B Blossomforth
0%
B C Blueberry Curls
0%
B H Blue Harvest
0%
B M Blue Moon
0%
B Bolt
0%
B H Bow Hothoof
0%
B Braeburn
0%
Mr. Brezzy
0%
B M Bright Mac
0%
B S Bright Smile
0%
B Buddy
0%
B Bufogren
0%
B Bugbear
0%
B B Bulk Biceps
0%
B Burning Heart
0%
B Bushel
0%
B S Business Savvy
0%
B M Button Mash
0%
C Caesar
0%
C C T Candy Caramel Tooth
0%
C Z Canter Zoom
0%
C Capper
0%
C C Captain Celaeno
0%
C C Carrot Crunch
0%
C O Cathy O'Mara
0%
C Cayenne
0%
C Celena
0%
C Cerberus
0%
C N Chancellor Neighsay
0%
C U Charged Up
0%
C Cheerilee
0%
C S Cheese Sandwich
0%
C P Chelsea Porcelain
0%
C B Cherry Berry
0%
C F Cherry Fizzy
0%
C G Cherry Gold
0%
C J Cherry Jubilee
0%
C S Cherry Spices
0%
C Chimera
0%
C Cipactli
0%
C B Citrus Blush
0%
C Claude
0%
C S Clear Sky
0%
C Cloudchaser
0%
C K Cloud Kicker
0%
C C Coco Crusoe
0%
C Coloratura
0%
C T Comet Tail
0%
C S Compass Star
0%
C C Cookie Crumbles
0%
C C Coriander Cumin
0%
C C Cotton Cloudy
0%
C C Count Caesar
0%
C G Cozy Glow
0%
C C Crafty Crate
0%
C Cragadile
0%
C D Cranky Doodle
0%
C P Cream Puff
0%
C P Crusoe Palm
0%
C B Crystal Beau
0%
Nie znaleziono quizów pasujących do podanych kryteriów
Rozkład punktacji
Procent ludzi z każdym wynikiem
Percentyl według liczby udzielonych odpowiedzi
Twoja historia wyników
Nie rozwiązałeś tego quizu od ostatniego zresetowania